000 01208nam a2200265 i 4500
001 18865
003 ES-MaACL
005 20251003063036.0
007 t|
008 020327s1899 sp |||| | spa d
080 _a72.033(460)
100 1 _aLampérez y Romea, Vicente,
_d1861-1923
_9128639
245 1 0 _aSegovia, Toro y Burgos
_b: observaciones sobre algunos de sus monumentos arquitectónicos de la Edad Media : conferencia dada en el Ateneo de Madrid el 28 de febrero, en la serie organizada por la Sociedad Española de Excursiones /
_cpor Vicente Lampérez y Romea.
260 _aMadrid :
_b[s.n.],
_c1899 (
_fImp. de los Hijos de M.G. Hernández)
300 _a47 p. ;
_c22 cm.
530 _aDisponible en formato digital.
610 2 4 _aAteneo de Madrid-
_vConferencias-
_yS.XIX.
_91910
610 2 4 _aAteneo de Madrid-
_vObras digitalizadas.
_91930
650 7 _aArquitectura medieval-
_zEspaña
_2
_9169631
650 7 _aArquitectura-
_zCastilla y León
_2
_9169630
710 2 _aSociedad Española de Excursiones.
_96722
852 _aES-MaACL
_jT-864-F-9
856 4 _uhttp://www.ateneodemadrid.net/biblioteca_digital/folletos/Folletos-0007.pdf
_zVer documento
999 _c18865
_d18865